Statistics for Countries of the World - by Element Symbols

Click here to take the quiz!

General Stats

  • This quiz has been taken 765 times
  • The average score is 136 of 196

Answers on the Map

Answers color-coded by a green-red scale on the quiz's map according to % correct below.
 

Answer Stats

Country% Correct
Chad
97%
Chile
97%
Fiji
97%
Jordan
97%
Kenya
97%
Kuwait
97%
Oman
97%
Slovakia
97%
Sudan
97%
Sweden
97%
Syria
97%
Turkey
97%
Yemen
97%
Australia
95%
Saint Vincent and the Grenadines
95%
Federated States of Micronesia
94%
Guinea-Bissau
94%
Bosnia and Herzegovina
93%
Madagascar
93%
Nauru
93%
Central African Republic
92%
Democratic Republic of the Congo
92%
Mauritania
92%
Nicaragua
92%
Palau
92%
Republic of the Congo
92%
Saudi Arabia
92%
Netherlands
90%
Trinidad and Tobago
90%
Dominican Republic
89%
Equatorial Guinea
89%
Mauritius
89%
Paraguay
89%
Philippines
89%
Argentina
88%
Costa Rica
88%
Marshall Islands
88%
Sierra Leone
88%
Indonesia
87%
Senegal
87%
Papua New Guinea
86%
Ukraine
86%
United Arab Emirates
86%
Austria
85%
Nepal
85%
New Zealand
85%
Canada
83%
Mali
83%
Saint Kitts and Nevis
83%
Somalia
83%
Brunei
82%
Guinea
82%
Seychelles
82%
Czech Republic
81%
Dominica
81%
Liechtenstein
81%
Lithuania
81%
Antigua and Barbuda
80%
Belize
80%
Burkina Faso
80%
Liberia
80%
Suriname
80%
United States
80%
Algeria
79%
China
79%
Monaco
79%
Qatar
79%
South Africa
79%
Mongolia
78%
San Marino
78%
Albania
77%
Barbados
77%
Belarus
77%
Italy
77%
Malta
77%
Montenegro
77%
Namibia
77%
Panama
77%
Armenia
76%
Bolivia
76%
Cuba
76%
Libya
76%
Portugal
76%
Venezuela
76%
Vietnam
76%
Benin
75%
Malaysia
75%
Niger
75%
Nigeria
75%
Vatican City
75%
Singapore
74%
Bahrain
73%
Bulgaria
73%
Cameroon
73%
France
73%
Grenada
73%
Hungary
73%
Maldives
72%
Afghanistan
71%
Botswana
71%
Cambodia
71%
Ghana
71%
Guyana
71%
Jamaica
71%
Kiribati
71%
Tanzania
71%
Turkmenistan
71%
Ecuador
70%
Guatemala
70%
United Kingdom
70%
Cape Verde
69%
Cote d'Ivoire
69%
Malawi
68%
Uzbekistan
68%
Germany
67%
Tunisia
67%
Bangladesh
66%
Brazil
66%
Comoros
66%
Denmark
65%
Estonia
65%
Myanmar
65%
Colombia
64%
East Timor
64%
Georgia
64%
Honduras
64%
Iran
64%
Iraq
64%
Morocco
64%
Tuvalu
64%
Bahamas
63%
El Salvador
63%
Russia
63%
Solomon Islands
63%
Croatia
61%
Mexico
60%
Azerbaijan
59%
Finland
59%
Macedonia
58%
Pakistan
58%
Saint Lucia
58%
Spain
58%
Bhutan
57%
India
57%
Israel
57%
Kazakhstan
57%
Lesotho
57%
São Tomé and Príncipe
57%
Serbia
57%
Poland
56%
Gambia
55%
Ireland
55%
Kyrgyzstan
55%
Taiwan
55%
Tajikistan
55%
Mozambique
54%
Luxembourg
53%
Lebanon
52%
Romania
52%
Slovenia
52%
Andorra
51%
Samoa
49%
North Korea
48%
Peru
47%
Sri Lanka
47%
Belgium
46%
Egypt
46%
Thailand
46%
Djibouti
45%
Haiti
45%
Laos
45%
Switzerland
45%
Zambia
45%
Zimbabwe
45%
Iceland
44%
Latvia
43%
Uganda
43%
Gabon
42%
Tonga
42%
South Korea
41%
Burundi
39%
Cyprus
38%
Eritrea
38%
Greece
38%
Moldova
38%
Swaziland
38%
Angola
36%
South Sudan
36%
Uruguay
36%
Ethiopia
33%
Kosovo
30%
Norway
30%
Vanuatu
28%
Japan
25%
Togo
22%
Rwanda
19%

Score Distribution

Percentile by Number Answered

Percent of People with Each Score

Your Score History

You have not taken this quiz